Famous People Better Known By Their First Initials - Statistics

General Stats
  • This quiz has been taken 126 times
  • The average score is 6 of 16
Answer Stats
Name and genre Answer % Correct
Joanne Kathleen, literature JK Rowling
92%
John Ronald Reuel, literature JRR Tolkien
85%
Alan Alexander, literature AA Milne
75%
Clive Staples, literature CS Lewis
70%
Kathryn Dawn, music kd lang
64%
Jerome David, literature JD Salinger
63%
Edward Estlin, literature ee cummings
42%
Lucy Maud, literature LM Montgomery
25%
Pieter Willem, politics PW Botha
22%
Billy Joe, music BJ Thomas
20%
Carl Philipp Emanuel, music CPE Bach
19%
William Gilbert, sport WG Grace
19%
Anthony Joseph, sport AJ Foyt
17%
Patrick Jake, literature PJ O'Rourke
15%
William Christopher, music WC Handy
11%
William Dale Fries, music CW McCall
4%
No matching quizzes found
Score Distribution
Percent of People with Each Score
Percentile by Number Answered
Your Score History
You have not taken this quiz